00609nam a2200145 4500001000700000003000900007005001700016007000300033008004100036100003500077245021500112260009000327300002100417852002500438117549ES-MaACL20230906190928.0t|070214s1902 sp r ||||1| spa d1 aPeralta y Lerín, Antonio de.13aEl procedimiento de Kreider y Breckenridge en la investigación y separación del potasio y sodio b: tesis doctoral en la Facultad de Ciencias, sección Físico-Químicas / cAntonio de Peralta y Lerín. aMadrid : b[s.n.], c1902 (fEstablecimiento Tipográfico de Hijos de J.A. García) a32 p. ; c23 cm. aES-MaACLjT-1018-F-5